Statistics for Седам континената

Click here to take the quiz!

General Stats

  • This quiz has been taken 1 935 times
  • The average score is 5 of 7

Answers on the Map

Answers color-coded by a green-red scale on the quiz's map according to % correct below.
 

Answer Stats

Answer% Correct
Азија
82%
Европа
81%
Африка
78%
Јужна Америка
76%
Антарктика
76%
Аустралија (Океанија)
75%
Северна Америка
73%

Score Distribution

Percentile by Number Answered

Percent of People with Each Score

Your Score History

You have not taken this quiz